Modern digital and analog communication systems (Record no. 567178)
[ view plain ]
| 000 -LEADER | |
|---|---|
| fixed length control field | 00621nam a22001817a 4500 |
| 003 - CONTROL NUMBER IDENTIFIER | |
| control field | CEME |
| 005 - DATE AND TIME OF LATEST TRANSACTION | |
| control field | 20210628201803.0 |
| 008 - FIXED-LENGTH DATA ELEMENTS--GENERAL INFORMATION | |
| fixed length control field | 210216b xxu||||| |||| 00| 0 eng d |
| 020 ## - INTERNATIONAL STANDARD BOOK NUMBER | |
| International Standard Book Number | 0-19-511009-9 |
| 040 ## - CATALOGING SOURCE | |
| Transcribing agency | . |
| 082 ## - DEWEY DECIMAL CLASSIFICATION NUMBER | |
| Classification number | 621.382 LAT |
| 100 ## - MAIN ENTRY--PERSONAL NAME | |
| Personal name | Lathi, B.P |
| 9 (RLIN) | 734 |
| 245 ## - TITLE STATEMENT | |
| Title | Modern digital and analog communication systems |
| 260 ## - PUBLICATION, DISTRIBUTION, ETC. | |
| Place of publication, distribution, etc. | NEW YORK |
| Name of publisher, distributor, etc. | OXFORD UNIVERSITY PRESS |
| Date of publication, distribution, etc. | 1998 |
| 300 ## - PHYSICAL DESCRIPTION | |
| Extent | XIII,781P |
| 650 ## - SUBJECT ADDED ENTRY--TOPICAL TERM | |
| Topical term or geographic name entry element | TELECOMMUNICATION SYSTEMS DIGITAL COMMUNICATIONS STATISTICAL COMMUNICATION THEORY DIGITAL AND ANALOG COMMUNICATION SYSTEMS COMMUNICATION SYSTEMS-DIGITAL AND ANALOG |
| 9 (RLIN) | 56839 |
| 942 ## - ADDED ENTRY ELEMENTS (KOHA) | |
| Koha item type | Book |
| Source of classification or shelving scheme | |
| Withdrawn status | Lost status | Damaged status | Not for loan | Permanent Location | Current Location | Shelving location | Date acquired | Total Checkouts | Full call number | Barcode | Date last seen | Price effective from | Koha item type |
|---|---|---|---|---|---|---|---|---|---|---|---|---|---|
| College of Electrical & Mechanical Engineering (CEME) | College of Electrical & Mechanical Engineering (CEME) | General Stacks | 07/12/2017 | 1 | 621.382 LAT | CEME-35175 | 06/28/2021 | 06/28/2021 | Book | ||||
| College of Electrical & Mechanical Engineering (CEME) | College of Electrical & Mechanical Engineering (CEME) | General Stacks | 07/12/2017 | 621.382 LAT | CEME-35176 | 06/28/2021 | 06/28/2021 | Book | |||||
| College of Electrical & Mechanical Engineering (CEME) | College of Electrical & Mechanical Engineering (CEME) | General Stacks | 07/12/2017 | 621.382 LAT | CEME-35177 | 06/28/2021 | 06/28/2021 | Book |
